Basics of biblical Hebrew grammar / (Record no. 6722)
[ view plain ]
| 000 -LEADER | |
|---|---|
| fixed length control field | 01067cam a2200325 a 4500 |
| 001 - CONTROL NUMBER | |
| control field | 132487 |
| 003 - CONTROL NUMBER IDENTIFIER | |
| control field | GBCCL |
| 005 - DATE AND TIME OF LATEST TRANSACTION | |
| control field | 20241126110609.0 |
| 008 - FIXED-LENGTH DATA ELEMENTS--GENERAL INFORMATION | |
| fixed length control field | 060927s2007 miu b 001 0 eng |
| 010 ## - | |
| -- | 2006032091 |
| 020 ## - INTERNATIONAL STANDARD BOOK NUMBER | |
| International Standard Book Number | 9780310270201 (hardcover : acidfree paper) |
| 020 ## - INTERNATIONAL STANDARD BOOK NUMBER | |
| International Standard Book Number | 0310270200 |
| 035 ## - SYSTEM CONTROL NUMBER | |
| System control number | (OCoLC)ocm71812777 |
| 035 ## - SYSTEM CONTROL NUMBER | |
| System control number | (OCoLC)71812777 |
| 040 ## - CATALOGING SOURCE | |
| Original cataloging agency | DLC |
| Transcribing agency | DLC |
| Modifying agency | BAKER |
| -- | BTCTA |
| -- | NDD |
| -- | YDXCP |
| -- | WTS |
| -- | OCLCG |
| -- | LBB |
| 049 ## - | |
| -- | LBBK |
| 050 00 - | |
| -- | PJ4567.3 |
| -- | .P73 2007 |
| 082 00 - DEWEY DECIMAL CLASSIFICATION NUMBER | |
| Classification number | 492.4 |
| Edition information | 22 |
| Item number | PRA |
| 090 ## - LOCALLY ASSIGNED LC-TYPE CALL NUMBER (OCLC); LOCAL CALL NUMBER (RLIN) | |
| Classification number (OCLC) (R) ; Classification number, CALL (RLIN) (NR) | PJ4567.3 |
| Local cutter number (OCLC) ; Book number/undivided call number, CALL (RLIN) | .P73 2007 |
| 100 1# - MAIN ENTRY--PERSONAL NAME | |
| Personal name | Pratico, Gary Davis. |
| 9 (RLIN) | 12026 |
| 245 10 - TITLE STATEMENT | |
| Title | Basics of biblical Hebrew grammar / |
| Statement of responsibility, etc. | Gary D. Pratico and Miles V. Van Pelt. |
| 250 ## - EDITION STATEMENT | |
| Edition statement | 2nd ed. |
| 260 ## - PUBLICATION, DISTRIBUTION, ETC. | |
| Place of publication, distribution, etc. | Grand Rapids, Mich. : |
| Name of publisher, distributor, etc. | Zondervan, |
| Date of publication, distribution, etc. | c2007. |
| 300 ## - PHYSICAL DESCRIPTION | |
| Extent | xiii, 475 p. ; |
| Dimensions | 29 cm. + |
| Accompanying material | 1 CD-ROM (4 3/4 in.) |
| 504 ## - BIBLIOGRAPHY, ETC. NOTE | |
| Bibliography, etc. note | Includes bibliographical references and index. |
| 630 00 - SUBJECT ADDED ENTRY--UNIFORM TITLE | |
| Uniform title | Bible. |
| Name of part/section of a work | O.T. |
| General subdivision | Language, style. |
| 9 (RLIN) | 12027 |
| 650 #0 - SUBJECT ADDED ENTRY--TOPICAL TERM | |
| Topical term or geographic name entry element | Hebrew language |
| General subdivision | Grammar. |
| 9 (RLIN) | 2513 |
| 700 1# - ADDED ENTRY--PERSONAL NAME | |
| Personal name | Van Pelt, Miles V., |
| Dates associated with a name | 1969- |
| 9 (RLIN) | 12028 |
| 942 ## - ADDED ENTRY ELEMENTS (KOHA) | |
| Source of classification or shelving scheme | Dewey Decimal Classification |
| Koha item type | Reference Books |
| Withdrawn status | Lost status | Source of classification or shelving scheme | Damaged status | Not for loan | Home library | Current Library | Shelving location | Date acquired | Total checkouts | Full call number | Barcode | Date last seen | Copy number | Price effective from | Koha item type |
|---|---|---|---|---|---|---|---|---|---|---|---|---|---|---|---|
| Dewey Decimal Classification | GRACE BIBLE COLLEGE | GRACE BIBLE COLLEGE | Language | 2018-05-25 | 492.4 PRA | 011889 | 2025-05-01 | c.1 | 2018-05-25 | Language | |||||
| Dewey Decimal Classification | GRACE BIBLE COLLEGE | GRACE BIBLE COLLEGE | Language | 2021-07-01 | 492.4 PRA | 015073 | 2025-05-01 | c.2 | 2021-07-01 | Language | |||||
| Dewey Decimal Classification | GRACE BIBLE COLLEGE | GRACE BIBLE COLLEGE | Language | 2021-12-16 | 492.4 PRA | 015301 | 2025-05-01 | c.3 | 2021-12-16 | Language | |||||
| Dewey Decimal Classification | GRACE BIBLE COLLEGE | GRACE BIBLE COLLEGE | Language | 2021-12-16 | 492.4 PRA | 015302 | 2025-05-01 | c.4 | 2021-12-16 | Language | |||||
| Dewey Decimal Classification | GRACE BIBLE COLLEGE | GRACE BIBLE COLLEGE | Language | 2023-12-01 | 492.4 PRA | 020664 | 2025-05-01 | c.5 | 2023-12-01 | Language |